009040000a22002530004500003001100000005001700011008004100028020001500069040003900084041000800123082001500131245006200146260004300208300002600251650005300277650005200330650004300382653002800425653004300453710004500496942000700541952008900548999001300637LK-CoMWRAF20231109094603.0230817t1993 ||||| |||| 00| 0 eng d a187996032X aLK-CoMWRAFdLK-CoMWRAFeLK-CoMWRAF aeng a810.8bOUR aOur Feet Walk the Sky:bWomen of the South Asian Diaspora aSan Francisco:bAunt Lute Books,c1993 axvii, 372 p. ; 23 cm. aAMERICAN LITERATURE-South Asian American authors aSouth Asian American women--Intellectual life.  aFeminism and literature--United States aEthnicity in literature a Women--South Asia--Social conditions. a Women of South Asian Descent Collective cBK 00104070aMAINbMAINd2023-08-17l0o810.8 OURpRAF462r2023-08-17w2023-08-17yBK c856d856